| 000 | 00405nam a2200169Ia 4500 | ||
|---|---|---|---|
| 005 | 20250425021738.0 | ||
| 008 | 240331s9999 xx 000 0 und d | ||
| 020 | _a9555510407 | ||
| 082 |
_bJAY _a891 |
||
| 100 | _aJayakody ,J | ||
| 245 | 0 | _aAraliyamal aramaya | |
| 250 | _a3rd | ||
| 260 |
_aColombo _bDayawansa Jayakody & Company _c2000 |
||
| 300 | _a238 p ., | ||
| 500 | _aA Sinhala Novel | ||
| 942 | _cL | ||
| 999 |
_c4830 _d4830 |
||